[Event "VII Weekend B"]
[Site "Ivrea ITA"]
[Date "2001.03.24"]
[Round "4"]
[White "Matta, Francesca"]
[Black "Caresana, Alessandro"]
[Result "0-1"]
[WhiteElo "1395"]
[BlackElo "1848"]
[PlyCount "114"]
[EventDate "2001.03.17"]

1. e4 c5 2. Nc3 Nc6 3. g3 g6 4. Bg2 Bg7 5. Nge2 d6 6. O-O Nf6 7. d3 O-O 8. f4
Rb8 9. a4 Nd4 10. Nxd4 cxd4 11. Nb5 Qb6 12. b3 Ng4 13. Rb1 Ne3 14. Bxe3 dxe3
15. Qe2 a6 16. Na3 Qc5 17. Nc4 b5 18. axb5 axb5 19. Nxe3 Bd4 20. Rfe1 Ra8 21.
b4 Qc3 22. Qd1 Ra2 23. Kh1 Bxe3 24. Rxe3 Rxc2 25. Re2 Rxe2 26. Qxe2 Bd7 27. e5
dxe5 28. fxe5 Rc8 29. Bd5 Bc6 30. Bxc6 Rxc6 31. Qe4 Ra6 32. Rf1 Qc6 33. Qxc6
Rxc6 34. Ra1 Rc3 35. Ra5 Rxd3 36. Rxb5 Kg7 37. Rb7 e6 38. Rc7 Rb3 39. Rc4 g5
40. Kg2 Kg6 41. g4 h5 42. h3 h4 43. Re4 f5 44. gxf5+ Kxf5 45. Rg4 Re3 46. Rc4
Kxe5 47. Rc5+ Kf4 48. Rc4+ Kf5 49. b5 Rb3 50. Rc5+ e5 51. Kh2 Kf4 52. Kg2 Rb2+
53. Kg1 e4 54. Kf1 e3 55. Ke1 g4 56. Rc4+ Kf3 57. Rc3 Rb1+ 0-1

[Event "VII Weekend B"]
[Site "Ivrea ITA"]
[Date "2001.03.24"]
[Round "4"]
[White "Piazza, Luigi"]
[Black "Bogatto, Mario"]
[Result "1/2-1/2"]
[WhiteElo "1338"]
[BlackElo "1281"]
[PlyCount "111"]
[EventDate "2001.03.17"]

1. Nf3 b6 2. e4 Bb7 3. d3 d6 4. g3 Nd7 5. Bg2 Ngf6 6. O-O e5 7. Nbd2 c5 8. Re1
Be7 9. h4 Qc7 10. Nf1 O-O-O 11. Ne3 g6 12. Ng5 Rdf8 13. Ng4 h6 14. Nh3 Kb8 15.
Bxh6 Rfg8 16. Bg5 Nxg4 17. Bxe7 Nh6 18. Bg5 f6 19. Be3 Nf7 20. f4 f5 21. c3
fxe4 22. dxe4 Nf6 23. fxe5 dxe5 24. Qc2 Nd6 25. Bg5 Nh7 26. Qd2 Nf7 27. Be3 Rd8
28. Qc2 Rd6 29. Rad1 Rhd8 30. Rxd6 Rxd6 31. Rd1 Nf6 32. Bg5 Rxd1+ 33. Qxd1 Nxe4
34. Qd3 c4 35. Qc2 Nfxg5 36. Nxg5 Qc5+ 37. Kh2 Nxg5 38. hxg5 Bxg2 39. Kxg2 Qd5+
40. Kh2 e4 41. Qa4 Kb7 42. Qe8 Qxg5 43. Qxe4+ Kb8 44. Qxc4 Qd2+ 45. Kh3 Qxb2
46. Qb3 Qd2 47. a4 Qd7+ 48. Kh4 Qh7+ 49. Kg5 Qh5+ 50. Kf6 Qf5+ 51. Kg7 Qe5+ 52.
Kxg6 Qxg3+ 53. Kf5 Qf3+ 54. Ke5 Qe3+ 55. Kd6 Qc5+ 56. Kd7 1/2-1/2

[Event "VII Weekend B"]
[Site "Ivrea ITA"]
[Date "2001.03.24"]
[Round "4"]
[White "Plenzick, Angelo"]
[Black "Barbero, Marco"]
[Result "0-1"]
[WhiteElo "1498"]
[BlackElo "1665"]
[PlyCount "140"]
[EventDate "2001.03.17"]

1. d4 Nf6 2. f4 d5 3. e3 Bg4 4. Nf3 e6 5. Be2 Nbd7 6. O-O h5 7. Bd2 Bd6 8. Be1
c6 9. Nbd2 Bxf3 10. Bxf3 Qb6 11. Rb1 c5 12. c3 c4 13. g3 Qc6 14. Kg2 g6 15. Qe2
Rc8 16. h4 Ne4 17. Kh2 f5 18. Kh3 Ndf6 19. Nxe4 dxe4 20. Bg2 Nd5 21. Bd2 b5 22.
a3 a5 23. Rfc1 b4 24. axb4 axb4 25. Bf1 bxc3 26. Bxc3 Qb6 27. Kg2 Qb3 28. Kf2
O-O 29. Qd2 Ra8 30. Be2 Ra2 31. Bd1 Qb5 32. Ra1 Rfa8 33. Rxa2 Rxa2 34. Rc2 Bb4
35. Be2 Bxc3 36. bxc3 Rxc2 37. Qxc2 Qb3 38. Bd1 Qxc2+ 39. Bxc2 Nxc3 40. Ke1 Kf7
41. Kd2 Nd5 42. Ba4 Ke7 43. Bb5 c3+ 44. Ke2 c2 45. Kd2 Nxe3 46. Ba4 Kf7 47.
Bxc2 Nxc2 48. Kxc2 Ke7 49. Kc3 Kd6 50. Kc4 Kc6 51. Kb4 Kd5 52. Kc3 e3 53. Kd3
e2 54. Kxe2 Ke4 55. Kf2 Kxd4 56. Kf3 e5 57. fxe5 Kxe5 58. Ke3 Kf6 59. Kf4 Kg7
60. Kg5 Kf7 61. Kf4 Kf6 62. Ke3 g5 63. Kf3 gxh4 64. gxh4 Ke5 65. Ke3 f4+ 66.
Kf3 Kf5 67. Kg2 Kg4 68. Kf2 Kxh4 69. Kf3 Kg5 70. Kf2 Kg4 0-1

[Event "VII Weekend B"]
[Site "Ivrea ITA"]
[Date "2001.03.24"]
[Round "4"]
[White "Quinto, Raffaele"]
[Black "Sorba, Enrico"]
[Result "1-0"]
[WhiteElo "1501"]
[BlackElo "1275"]
[PlyCount "116"]
[EventDate "2001.03.17"]

1. d4 Nf6 2. c4 e6 3. Nc3 Bb4 4. e3 O-O 5. Bd3 b6 6. Nf3 Bb7 7. a3 Bxc3+ 8.
bxc3 d6 9. O-O Nbd7 10. Re1 Re8 11. e4 e5 12. d5 h6 13. Nh4 Nh7 14. Nf5 Qf6 15.
Qg4 Nc5 16. Bc2 Kh8 17. Re3 Rg8 18. Rh3 Bc8 19. Qh5 Qg6 20. Qxg6 fxg6 21. Ne7
Nf8 22. Rg3 Bd7 23. Nxg8 Kxg8 24. Be3 Na4 25. Bxa4 Bxa4 26. f4 exf4 27. Bxf4 g5
28. Be3 Bb3 29. Bd4 Bxc4 30. h4 Nh7 31. hxg5 Nxg5 32. Re1 Re8 33. Rge3 Nf7 34.
Rg3 Ng5 35. Rge3 Nf7 36. Rb1 Ng5 37. Rb4 b5 38. e5 a5 39. Rxc4 bxc4 40. e6 c6
41. dxc6 Nxe6 42. Bb6 Kf7 43. Bxa5 Rc8 44. c7 Nxc7 45. Bxc7 Rxc7 46. Re1 d5 47.
Kf2 Re7 48. Rxe7+ Kxe7 49. Ke3 Ke6 50. Kd4 Kd6 51. a4 Kc6 52. a5 Kb5 53. Kxd5
g5 54. a6 Kxa6 55. Kxc4 h5 56. Kd4 h4 57. Ke3 g4 58. Kf2 Kb5 1-0

[Event "VII Weekend B"]
[Site "Ivrea ITA"]
[Date "2001.03.24"]
[Round "4"]
[White "Renzini, Lorenzo"]
[Black "Pichierri, Giancarlo"]
[Result "1-0"]
[WhiteElo "1492"]
[BlackElo "1419"]
[PlyCount "105"]
[EventDate "2001.03.17"]

1. c4 f5 2. Nf3 Nf6 3. g3 d5 4. cxd5 Nxd5 5. Bg2 e6 6. O-O c6 7. d4 Bd6 8. Bg5
Qc7 9. Nbd2 O-O 10. Nc4 h6 11. Nxd6 Qxd6 12. Bd2 Nd7 13. e3 N7f6 14. Ne5 Kh7
15. a3 Bd7 16. Qc2 Be8 17. Rac1 Qc7 18. b4 a6 19. Qd3 Kh8 20. a4 Ng4 21. Nf3 e5
22. Nxe5 Nxe5 23. dxe5 Qxe5 24. b5 axb5 25. axb5 Rd8 26. Bc3 Qc7 27. Bd4 Nb4
28. Qb3 Rxd4 29. exd4 Qd6 30. bxc6 Bxc6 31. Rfd1 Rd8 32. Bxc6 bxc6 33. Qc4 f4
34. Qc5 fxg3 35. hxg3 Na2 36. Qxd6 Rxd6 37. Rc4 c5 38. Ra1 Rxd4 39. Rxd4 cxd4
40. Rxa2 Kh7 41. Ra6 h5 42. Kf1 g6 43. Ke2 Kh6 44. Kd3 Kg5 45. f3 Kf5 46. Ra5+
Kf6 47. Kxd4 Ke6 48. Ke4 Kf6 49. Ra6+ Kg7 50. Kf4 Kh6 51. Rb6 h4 52. gxh4 Kh5
53. Kg3 1-0

[Event "VII Weekend B"]
[Site "Ivrea ITA"]
[Date "2001.03.24"]
[Round "4"]
[White "Sapone, Luigi"]
[Black "Torriano, Enzo"]
[Result "1/2-1/2"]
[WhiteElo "1476"]
[BlackElo "1500"]
[PlyCount "43"]
[EventDate "2001.03.17"]

1. e4 c6 2. d4 d5 3. e5 Bf5 4. Bd3 Bxd3 5. Qxd3 Qa5+ 6. Bd2 Qa6 7. Qxa6 Nxa6 8.
Nf3 e6 9. a3 Ne7 10. b4 Ng6 11. O-O Be7 12. Nc3 O-O 13. Ne2 Nh4 14. Nxh4 Bxh4
15. g3 Be7 16. f4 Nc7 17. Kg2 Rac8 18. a4 a6 19. Nc1 f6 20. Nb3 b6 21. a5 b5
22. c3 1/2-1/2

[Event "VII Weekend B"]
[Site "Ivrea ITA"]
[Date "2001.03.24"]
[Round "5"]
[White "Banchio, Davide"]
[Black "Sapone, Luigi"]
[Result "1-0"]
[WhiteElo "1681"]
[BlackElo "1476"]
[PlyCount "110"]
[EventDate "2001.03.17"]

1. e4 c5 2. d4 cxd4 3. c3 d3 4. Bxd3 Nc6 5. Nf3 e5 6. O-O Nf6 7. c4 Bc5 8. Nc3
h6 9. a3 O-O 10. b4 Bd4 11. Nxd4 Nxd4 12. Be3 Nc6 13. f4 exf4 14. Bxf4 d6 15.
Nb5 Ne5 16. Rc1 a6 17. Nc3 Be6 18. Nd5 Rc8 19. Bxe5 dxe5 20. Nxf6+ gxf6 21. Qf3
Kh7 22. Be2 Rg8 23. Qxf6 Qd4+ 24. Qf2 Qxe4 25. Rc3 Bxc4 26. Bxc4 Rxc4 27. Rxc4
Qxc4 28. Qf5+ Rg6 29. Qxe5 Qe6 30. Qc7 Rf6 31. Rxf6 Qxf6 32. Qxb7 Qd4+ 33. Kf1
Qd3+ 34. Kf2 Qd2+ 35. Kf3 Qd3+ 36. Kf4 Qd6+ 37. Ke3 Kg7 38. g3 Qe5+ 39. Kd3
Qf5+ 40. Qe4 Qf1+ 41. Kc3 Qc1+ 42. Kb3 Qd1+ 43. Kc4 Qf1+ 44. Qd3 Qg2 45. Qd4+
Kg8 46. Kc5 Qxh2 47. Qg4+ Kh7 48. Kb6 Qb2 49. Qf3 Qd4+ 50. Kxa6 Qc4+ 51. b5
Qa4+ 52. Kb6 Qd4+ 53. Ka5 Qa7+ 54. Kb4 Qd4+ 55. Kb3 Kg7 1-0

[Event "VII Weekend B"]
[Site "Ivrea ITA"]
[Date "2001.03.24"]
[Round "5"]
[White "Barbero, Marco"]
[Black "Torriano, Enzo"]
[Result "1-0"]
[WhiteElo "1665"]
[BlackElo "1500"]
[PlyCount "121"]
[EventDate "2001.03.17"]

1. e4 c6 2. d4 d5 3. Nc3 dxe4 4. Nxe4 Bf5 5. Ng3 Bg6 6. Nf3 Nd7 7. Bc4 e6 8.
O-O Ngf6 9. Re1 Bd6 10. Ne5 Bxe5 11. dxe5 Nd5 12. Bd2 O-O 13. c3 Qc7 14. Qe2 h6
15. Bxd5 cxd5 16. h4 Nc5 17. h5 Bf5 18. Nxf5 exf5 19. Qf3 Ne4 20. Bf4 Qc6 21.
Qe3 Qc5 22. Qxc5 Nxc5 23. Rad1 Rad8 24. Be3 b6 25. Bxc5 bxc5 26. Rd2 Rfe8 27.
f4 Re7 28. Red1 Red7 29. Kf2 Kf8 30. Kf3 Ke7 31. Ke3 Ke6 32. Kf3 g6 33. hxg6
fxg6 34. Ke3 g5 35. g3 Rg8 36. Rh2 gxf4+ 37. gxf4 Rh7 38. Rh3 h5 39. Rdh1 Rgh8
40. Rg1 Kf7 41. Rg5 Ke6 42. Rg6+ Kd7 43. Rd6+ Kc7 44. Rxd5 Kb6 45. Rd6+ Kc7 46.
Rf6 h4 47. Rxf5 Rg8 48. Kf3 Rd8 49. Kg4 Rd2 50. Rxh4 Rxh4+ 51. Kxh4 Rxb2 52.
Rf7+ Kd8 53. Rxa7 Rc2 54. Kg5 Rxc3 55. e6 Rd3 56. e7+ Ke8 57. Kf6 Rd6+ 58. Ke5
Rc6 59. f5 c4 60. f6 c3 61. Ra8+ 1-0

[Event "VII Weekend B"]
[Site "Ivrea ITA"]
[Date "2001.03.24"]
[Round "5"]
[White "Caresana, Alessandro"]
[Black "Vozza, Nicola"]
[Result "1-0"]
[WhiteElo "1848"]
[BlackElo "1666"]
[PlyCount "61"]
[EventDate "2001.03.17"]

1. e4 e5 2. Bc4 Nf6 3. d4 exd4 4. Nf3 Nc6 5. O-O Nxe4 6. Nxd4 Be7 7. Nf5 Bf6 8.
Qd5 O-O 9. Qxe4 d5 10. Bxd5 Re8 11. Qc4 Ne5 12. Bxf7+ Nxf7 13. Ng3 Be6 14. Qb4
Nd6 15. Nc3 a5 16. Qc5 b6 17. Qh5 Bf7 18. Qf3 Nc4 19. Nce4 Be5 20. Ng5 Bg6 21.
Rd1 Nd6 22. c3 h6 23. Qd5+ Nf7 24. Nxf7 Bxf7 25. Qf3 Qh4 26. Be3 Rf8 27. Bd4
Bb3 28. Qc6 Bxd1 29. Qd5+ Rf7 30. Qxa8+ Kh7 31. Rxd1 1-0

[Event "VII Weekend B"]
[Site "Ivrea ITA"]
[Date "2001.03.24"]
[Round "5"]
[White "Cassinera, Marco"]
[Black "Fassio, Francesco"]
[Result "0-1"]
[WhiteElo "1345"]
[BlackElo "1512"]
[PlyCount "92"]
[EventDate "2001.03.17"]

1. d4 d5 2. Nf3 Nf6 3. e3 Bg4 4. Nbd2 e6 5. Be2 h6 6. c4 dxc4 7. Qa4+ Nbd7 8.
Qxc4 Nb6 9. Qb3 c5 10. Bb5+ Nfd7 11. Ne5 Bf5 12. O-O cxd4 13. exd4 Qc7 14. Ndf3
Bd6 15. Bf4 O-O 16. Rac1 Qd8 17. Nxd7 Bxf4 18. Nxf8 Bxc1 19. Rxc1 Kxf8 20. h3
Be4 21. Re1 Bd5 22. Qa3+ Kg8 23. Ne5 a6 24. Bf1 Rc8 25. Qg3 Rc2 26. Qf4 Qc7 27.
Qe3 Rxb2 28. Nd3 Nc4 29. Qc1 Rd2 30. Nb4 Rxd4 31. Nxd5 exd5 32. Re8+ Kh7 33.
Qc2+ g6 34. Qc3 Qc5 35. a4 b5 36. axb5 axb5 37. Rb8 h5 38. g3 b4 39. Rxb4 Rd1
40. Rb8 d4 41. Qf3 Rxf1+ 42. Kg2 Ne3+ 43. Kh2 Nf5 44. Qb7 Rxf2+ 45. Kg1 Nd6 46.
Qb1 d3 0-1

[Event "VII Weekend B"]
[Site "Ivrea ITA"]
[Date "2001.03.24"]
[Round "5"]
[White "Castaldo, Antonio"]
[Black "Giachino, Adriano"]
[Result "1-0"]
[WhiteElo "1431"]
[BlackElo "1455"]
[PlyCount "55"]
[EventDate "2001.03.17"]

1. e4 e5 2. d3 Nc6 3. Nf3 d5 4. Nbd2 Nf6 5. g3 Bc5 6. Bg2 Bg4 7. h3 Be6 8. O-O
Nh5 9. c3 Nxg3 10. Nb3 Bb6 11. Re1 Qf6 12. Bg5 Qg6 13. Qd2 h6 14. Kh2 Nh5 15.
Nh4 Qh7 16. Be3 Bxe3 17. Qxe3 O-O 18. exd5 Bd7 19. Nc5 Rad8 20. Nxb7 Rb8 21.
dxc6 Be6 22. Qe4 f5 23. Qxe5 Rbe8 24. Bd5 Bxd5 25. Qxd5+ Kh8 26. Rxe8 Rxe8 27.
Qf7 Nf6 28. Ng6+ 1-0

[Event "VII Weekend B"]
[Site "Ivrea ITA"]
[Date "2001.03.24"]
[Round "5"]
[White "Emanuele, Gaetano"]
[Black "Berutti, Mario"]
[Result "0-1"]
[WhiteElo "1600"]
[BlackElo "1849"]
[PlyCount "58"]
[EventDate "2001.03.17"]

1. d4 d5 2. c4 e6 3. Nc3 f5 4. Nf3 Nf6 5. e3 c6 6. c5 Be7 7. b4 O-O 8. Be2 Ne4
9. Nxe4 fxe4 10. Nd2 Bd7 11. O-O Be8 12. f3 Bg6 13. fxe4 dxe4 14. Bg4 Bf5 15.
Bb2 Nd7 16. Bxf5 exf5 17. Qb3+ Kh8 18. d5 cxd5 19. Qxd5 Nf6 20. Qd4 Qxd4 21.
exd4 Nd5 22. Nc4 Nxb4 23. Ne3 f4 24. Ng4 e3 25. Rf3 Rad8 26. Bc3 Nc2 27. Rb1
Nxd4 28. Rxb7 Ne2+ 29. Kf1 Nxc3 0-1

[Event "VII Weekend B"]
[Site "Ivrea ITA"]
[Date "2001.03.24"]
[Round "5"]
[White "Marguati, Massimiano"]
[Black "D'Ingiullo, Giovanni"]
[Result "1/2-1/2"]
[WhiteElo "1575"]
[BlackElo "1531"]
[PlyCount "88"]
[EventDate "2001.03.17"]

1. d4 g6 2. c4 Bg7 3. g3 d5 4. cxd5 Qxd5 5. Nf3 Nc6 6. Nc3 Qd8 7. d5 Ne5 8. Bg2
Nxf3+ 9. exf3 Nf6 10. O-O O-O 11. Qb3 b6 12. Be3 e6 13. f4 exd5 14. Nxd5 Be6
15. Rad1 c6 16. Nxf6+ Qxf6 17. Qa3 Qxb2 18. Qxb2 Bxb2 19. Bxc6 Rac8 20. Bd7 Rc7
21. Bxe6 fxe6 22. Bd4 Bxd4 23. Rxd4 Kf7 24. Rfd1 Ke7 25. h3 b5 26. a4 a6 27.
axb5 axb5 28. Rb1 Rb8 29. Rdb4 Rc5 30. Kf1 Kd6 31. Ke2 Rd5 32. Rc1 Rc5 33. Rcb1
Kc6 34. Re4 Re8 35. Ra1 e5 36. f3 Re7 37. Kd3 Rd7+ 38. Ke3 exf4+ 39. Rxf4 Re5+
40. Re4 Red5 41. Re6+ Kc5 42. Rc1+ Kb4 43. Rb1+ Kc5 44. Rc1+ Kb4 1/2-1/2

[Event "VII Weekend B"]
[Site "Ivrea ITA"]
[Date "2001.03.24"]
[Round "5"]
[White "Matta, Francesca"]
[Black "Renzini, Lorenzo"]
[Result "0-1"]
[WhiteElo "1395"]
[BlackElo "1492"]
[PlyCount "116"]
[EventDate "2001.03.17"]

1. d4 Nf6 2. Nf3 g6 3. Bf4 Bg7 4. Nbd2 Nc6 5. e3 O-O 6. c4 Nh5 7. Bg5 Nf6 8. d5
Nb8 9. Bd3 d6 10. Nd4 Na6 11. a3 Nc5 12. Bc2 a5 13. Qf3 Bg4 14. Qg3 Qc8 15. f3
Nh5 16. Qf2 Bd7 17. Bxe7 Re8 18. Qh4 Rxe7 19. O-O-O Rxe3 20. Ne4 Nxe4 21. fxe4
Qd8 22. Qf2 Bh6 23. Kb1 Qf6 24. Qxf6 Nxf6 25. Bd3 Nxe4 26. Nc2 Rxd3 27. Rxd3
Nf2 28. Rf3 Nxh1 29. Rf1 Re8 30. Rxh1 Re2 31. Re1 Rxe1+ 32. Nxe1 Bf5+ 33. Ka2
Be4 34. Kb3 Bd2 35. Nf3 Bxf3 36. gxf3 Kg7 37. Ka4 Kf6 38. Kb5 Ke5 39. b3 f5 40.
b4 axb4 41. axb4 g5 42. Ka4 h5 43. b5 g4 44. fxg4 hxg4 45. Kb3 Kd4 46. Kc2 Ke3
47. Kd1 f4 48. c5 dxc5 49. b6 Ba5 50. bxc7 Bxc7 51. Kc2 f3 52. Kc3 f2 53. h4
f1=Q 54. h5 Ba5+ 55. Kb3 Qb1+ 56. Ka3 Bb4+ 57. Ka4 Qa2+ 58. Kb5 Qa6# 0-1

[Event "VII Weekend B"]
[Site "Ivrea ITA"]
[Date "2001.03.24"]
[Round "5"]
[White "Moschetto, Giuliano"]
[Black "Bogatto, Mario"]
[Result "1-0"]
[WhiteElo "1449"]
[BlackElo "1281"]
[PlyCount "109"]
[EventDate "2001.03.17"]

1. e4 b6 2. g3 Bb7 3. Bg2 d6 4. Nc3 Nd7 5. b3 c5 6. Bb2 e5 7. Nf3 Ngf6 8. d3
Be7 9. a4 a6 10. O-O Qc7 11. Nd2 O-O 12. Ne2 Ra7 13. c4 Rfa8 14. Nc3 Bc6 15. h3
Bf8 16. Nf3 g6 17. Qe2 Bg7 18. h4 Nf8 19. Ng5 Re8 20. Bh3 Bd7 21. Bxd7 Qxd7 22.
Kg2 Ne6 23. Nxe6 Qxe6 24. f3 h5 25. Nd5 Nxd5 26. exd5 Qf5 27. g4 hxg4 28. fxg4
Qd7 29. Rae1 Qe7 30. Kg3 f6 31. Qe4 Qf7 32. Re2 Rf8 33. Ref2 Rb7 34. Bc1 b5 35.
axb5 axb5 36. Rb2 Qe7 37. Rff2 bxc4 38. bxc4 Rxb2 39. Rxb2 f5 40. gxf5 gxf5 41.
Qe1 f4+ 42. Kh2 Qd8 43. Rg2 Qf6 44. Qf2 Kf7 45. Rg4 Ke8 46. Qf3 Rf7 47. Rg5 Ke7
48. Qg4 Bh6 49. Rg6 f3 50. Rxf6 Rxf6 51. Bxh6 f2 52. Qg7+ Rf7 53. Bg5+ Ke8 54.
Qg8+ Rf8 55. Qe6# 1-0

[Event "VII Weekend B"]
[Site "Ivrea ITA"]
[Date "2001.03.24"]
[Round "5"]
[White "Piazza, Giacomo"]
[Black "Piazza, Luigi"]
[Result "0-1"]
[WhiteElo "1407"]
[BlackElo "1338"]
[PlyCount "78"]
[EventDate "2001.03.17"]

1. b3 e5 2. c4 d6 3. Bb2 Nf6 4. e3 g6 5. Nc3 Bg7 6. h3 O-O 7. d3 Re8 8. Qc2
Nbd7 9. O-O-O c6 10. h4 Nb6 11. Be2 c5 12. h5 Ng4 13. hxg6 fxg6 14. Bxg4 Bxg4
15. f3 Be6 16. Nge2 d5 17. Rh2 d4 18. Ne4 Nd7 19. Rdh1 h5 20. Nd6 Rf8 21. Nxb7
Qc7 22. Nxc5 Nxc5 23. e4 Rf7 24. g4 Rxf3 25. gxh5 Nxd3+ 26. Kb1 Nf2 27. h6 Bh8
28. Rg1 Qf7 29. Bc1 d3 30. h7+ Kf8 31. Qd2 dxe2 32. Qb4+ Ke8 33. Rh6 Nd3 34.
Qb5+ Bd7 35. Qb7 Rd8 36. Rgxg6 e1=Q 37. Re6+ Bxe6 38. Qc6+ Ke7 39. Qb7+ Rd7 0-1

[Event "VII Weekend B"]
[Site "Ivrea ITA"]
[Date "2001.03.24"]
[Round "5"]
[White "Pichierri, Giancarlo"]
[Black "Quinto, Raffaele"]
[Result "1-0"]
[WhiteElo "1419"]
[BlackElo "1501"]
[PlyCount "89"]
[EventDate "2001.03.17"]

1. e4 c6 2. d4 d5 3. exd5 cxd5 4. Bd3 Nc6 5. c3 Nf6 6. h3 e6 7. Bg5 e5 8. Qe2
e4 9. Bc2 Be7 10. Nd2 Bf5 11. g4 Bg6 12. Qe3 Nxg4 13. hxg4 Bxg5 14. f4 Be7 15.
f5 Bg5 16. Qg3 Bxd2+ 17. Kxd2 Qg5+ 18. Qe3 Qxg4 19. fxg6 Qxg6 20. Ne2 f6 21.
Bb3 O-O-O 22. Rag1 Qf7 23. Qh3+ f5 24. Rg5 g6 25. Nf4 Qf6 26. Rhg1 Qf7 27. Re1
Qf6 28. Rg3 Ne7 29. Reg1 Kb8 30. Qf1 Qb6 31. Nh3 a5 32. Qd1 Rhf8 33. Nf4 Qd6
34. Ke3 g5 35. Rxg5 Ng6 36. Qf1 Nxf4 37. Qxf4 Qxf4+ 38. Kxf4 Rd7 39. Rxf5 Rxf5+
40. Kxf5 Kc7 41. Kf4 Kd6 42. Rg5 Ke6 43. Re5+ Kf6 44. Bxd5 h6 45. Bxe4 1-0

[Event "VII Weekend B"]
[Site "Ivrea ITA"]
[Date "2001.03.25"]
[Round "6"]
[White "Berutti, Mario"]
[Black "Barbero, Marco"]
[Result "1-0"]
[WhiteElo "1849"]
[BlackElo "1665"]
[PlyCount "41"]
[EventDate "2001.03.17"]

1. d4 Nf6 2. f4 d5 3. Nf3 e6 4. e3 Be7 5. Bd3 c5 6. c3 b6 7. O-O O-O 8. Ne5 Qc7
9. Rf3 Bb7 10. Rh3 Nbd7 11. g4 Rfe8 12. g5 Ne4 13. Qh5 Nf8 14. Qxf7+ Kh8 15.
Ng6+ Nxg6 16. Qxg6 Kg8 17. Qxe6+ Kh8 18. Bxe4 dxe4 19. g6 h6 20. Rxh6+ gxh6 21.
Qf7 1-0

[Event "VII Weekend B"]
[Site "Ivrea ITA"]
[Date "2001.03.25"]
[Round "6"]
[White "Caresana, Alessandro"]
[Black "Renzini, Lorenzo"]
[Result "1-0"]
[WhiteElo "1848"]
[BlackElo "1492"]
[PlyCount "51"]
[EventDate "2001.03.17"]

1. e4 c5 2. Nf3 d6 3. d4 cxd4 4. Qxd4 Nc6 5. Bb5 Bd7 6. Bxc6 bxc6 7. c4 c5 8.
Qd3 g6 9. O-O Bg7 10. Nc3 Nf6 11. a3 O-O 12. b4 cxb4 13. axb4 Qc7 14. Be3 Be6
15. c5 dxc5 16. bxc5 Rfd8 17. Nb5 Qb7 18. Rxa7 Rxd3 19. Rxb7 Rad8 20. Nfd4 Bc4
21. c6 Rc8 22. Na7 Ba6 23. Nxc8 Bxb7 24. cxb7 Nd7 25. Nxe7+ Kf8 26. Nec6 1-0

[Event "VII Weekend B"]
[Site "Ivrea ITA"]
[Date "2001.03.25"]
[Round "6"]
[White "Cassinera, Marco"]
[Black "Barcellona, Antonino"]
[Result "0-1"]
[WhiteElo "1345"]
[BlackElo "1482"]
[PlyCount "105"]
[EventDate "2001.03.17"]

1. d4 d5 2. g3 c6 3. Bg2 Nf6 4. e3 Bg4 5. Ne2 Nbd7 6. c3 e5 7. h3 Bh5 8. Nd2 e4
9. Nf1 Bd6 10. Qd2 Nb6 11. b3 h6 12. a4 a5 13. Ba3 Nh7 14. Bxd6 Qxd6 15. Nf4
Bg6 16. Nh2 Ng5 17. h4 Ne6 18. Nxg6 fxg6 19. Ng4 Nd7 20. O-O h5 21. Nh2 O-O 22.
Qd1 Rf7 23. Ra2 Raf8 24. b4 axb4 25. cxb4 Qxb4 26. a5 Ra8 27. Qa1 Ra7 28. Rb1
Qd6 29. Bf1 Nc7 30. Rbb2 Rf8 31. a6 bxa6 32. Bxa6 Rfa8 33. Bb7 Rxa2 34. Rxa2
Rxa2 35. Qxa2 c5 36. Qb2 c4 37. Nf1 Qb6 38. Bxd5+ Nxd5 39. Qxb6 N7xb6 40. Nd2
c3 41. Nb3 Nb4 42. Kf1 Kf7 43. Ke2 Ke6 44. f4 Kd5 45. Kd1 Kc4 46. Nc1 Na4 47.
f5 gxf5 48. Ke2 Nb2 49. d5 Kxd5 50. Nb3 N2d3 51. Kd1 c2+ 52. Kd2 Kc4 53. Nc1
0-1

[Event "VII Weekend B"]
[Site "Ivrea ITA"]
[Date "2001.03.25"]
[Round "6"]
[White "D'Ingiullo, Giovanni"]
[Black "Banchio, Davide"]
[Result "0-1"]
[WhiteElo "1531"]
[BlackElo "1681"]
[PlyCount "64"]
[EventDate "2001.03.17"]

1. g3 f5 2. b3 e5 3. Bb2 Nc6 4. d3 Nf6 5. Bg2 d6 6. Nc3 Be7 7. Nf3 O-O 8. h4
Nh5 9. Nd5 f4 10. Nxe7+ Qxe7 11. Qd2 fxg3 12. fxg3 Nxg3 13. Rg1 Nh5 14. O-O-O
a5 15. Ng5 Nf6 16. a4 h6 17. Ne4 Nxe4 18. Bxe4 Kh8 19. Rg6 Rf6 20. Rg3 Bf5 21.
Rdg1 Bxe4 22. dxe4 Raf8 23. Kb1 Rf1+ 24. Bc1 Rxg1 25. Rxg1 Qxh4 26. Qd1 Qxe4
27. Rh1 Nd4 28. Bxh6 gxh6 29. Rxh6+ Kg7 30. Rh1 Rf2 31. Qc1 Kf7 32. Qh6 Qxc2+
0-1

[Event "VII Weekend B"]
[Site "Ivrea ITA"]
[Date "2001.03.25"]
[Round "6"]
[White "Fassio, Francesco"]
[Black "Piazza, Giacomo"]
[Result "0-1"]
[WhiteElo "1512"]
[BlackElo "1407"]
[PlyCount "98"]
[EventDate "2001.03.17"]

1. c4 Nf6 2. Nc3 g6 3. g3 Bg7 4. Bg2 O-O 5. Nf3 d6 6. O-O Nbd7 7. d4 c6 8. Bg5
h6 9. Bd2 Re8 10. Rc1 a6 11. e3 Qc7 12. Ne2 Ne4 13. Bb4 c5 14. Nd2 Nxf2 15.
Rxf2 cxb4 16. Qb3 a5 17. c5 Nf6 18. cxd6 Qxd6 19. Ne4 Qb6 20. Nc5 a4 21. Qc4 b3
22. Nxa4 Qa5 23. axb3 Be6 24. Qd3 Bf5 25. e4 Bd7 26. Rc5 Qa7 27. Qf3 Bg4 28.
Qf4 Qa6 29. Nec3 b6 30. Rc6 Qa5 31. Rxb6 Qh5 32. e5 g5 33. Qc1 Nh7 34. Bxa8
Rxa8 35. Rb7 Bf3 36. Rxe7 g4 37. Ne2 Qg6 38. Nec3 Ng5 39. Rc2 Qd3 40. h4 Qxd4+
41. Kh2 Nh3 42. Rd2 Qe3 43. Rd8+ Rxd8 44. Qxe3 Bf8 45. Rc7 Bg7 46. e6 Bd4 47.
exf7+ Kf8 48. Qxh6+ Bg7 49. Qh7 Rd2+ 0-1

[Event "VII Weekend B"]
[Site "Ivrea ITA"]
[Date "2001.03.25"]
[Round "6"]
[White "Moschetto, Giuliano"]
[Black "Castaldo, Antonio"]
[Result "1-0"]
[WhiteElo "1449"]
[BlackElo "1431"]
[PlyCount "41"]
[EventDate "2001.03.17"]

1. e4 d6 2. g3 g6 3. b3 Bg7 4. Nc3 Nf6 5. d3 Nxe4 6. dxe4 Bxc3+ 7. Bd2 Bxa1 8.
Qxa1 Rg8 9. Bg2 Nd7 10. Ne2 Nf6 11. e5 dxe5 12. Qxe5 Qd6 13. Qc3 c6 14. Bf4 Qa3
15. Nc1 Be6 16. O-O Bd5 17. Re1 Bxg2 18. Qxf6 Kf8 19. Bh6+ Ke8 20. Bf4 Qa5 21.
Qxe7# 1-0

[Event "VII Weekend B"]
[Site "Ivrea ITA"]
[Date "2001.03.25"]
[Round "6"]
[White "Pichierri, Giancarlo"]
[Black "Matta, Francesca"]
[Result "1-0"]
[WhiteElo "1419"]
[BlackElo "1395"]
[PlyCount "107"]
[EventDate "2001.03.17"]

1. e4 e5 2. Nf3 Nc6 3. d4 exd4 4. c3 dxc3 5. Bc4 cxb2 6. Bxb2 Bb4+ 7. Nc3 Qf6
8. Qb3 Nge7 9. O-O Bxc3 10. Bxc3 Qg6 11. Nh4 Qh5 12. Nf5 Nxf5 13. exf5 O-O 14.
Rfe1 Qxf5 15. Qb2 Qg6 16. Re3 d6 17. Rg3 Bg4 18. h3 h5 19. hxg4 h4 20. Rh3 Qxg4
21. Be2 Qg5 22. Bd2 Qe5 23. Bc3 Qg5 24. Qd2 Qxd2 25. Bxd2 Rfe8 26. Bf3 Ne5 27.
Rxh4 Nxf3+ 28. gxf3 Re2 29. Be3 c5 30. Kg2 b6 31. Rah1 Kf8 32. Rh8+ Ke7 33.
Rxa8 Rxa2 34. Rd1 b5 35. Rb8 b4 36. Rb7+ Ke6 37. f4 g6 38. Re1 Kf6 39. Rc1 Ra5
40. Rc4 Ke6 41. Kf3 f5 42. Bd2 Ra3+ 43. Be3 a5 44. Rb6 Kd5 45. Rc1 b3 46. Rd1+
Kc4 47. Rbxd6 b2 48. Rb1 Kc3 49. Rd2 Ra2 50. Ke2 c4 51. Bd4+ Kb3 52. Bxb2 a4
53. Be5+ Ka3 54. Bd6# 1-0

[Event "VII Weekend B"]
[Site "Ivrea ITA"]
[Date "2001.03.25"]
[Round "6"]
[White "Plenzick, Angelo"]
[Black "Giachino, Adriano"]
[Result "1-0"]
[WhiteElo "1498"]
[BlackElo "1455"]
[PlyCount "57"]
[EventDate "2001.03.17"]

1. d4 d5 2. f4 Nf6 3. e3 Bf5 4. c3 e6 5. Nf3 Be7 6. Bd3 Bxd3 7. Qxd3 Ne4 8. O-O
Nd7 9. Nbd2 Nef6 10. g3 c5 11. Ne5 Nxe5 12. fxe5 Ng4 13. Qe2 h5 14. h3 Nh6 15.
Qxh5 Kd7 16. Qe2 a6 17. Nf3 Nf5 18. Qg2 Nxg3 19. Qxg3 Rh6 20. Nh2 Rg6 21. Ng4
Qh8 22. Rxf7 Qh5 23. Bd2 Rh8 24. Kg2 Rxg4 25. Rxe7+ Kxe7 26. Qxg4 Qh6 27. Rf1
Qh7 28. Rf3 Qh6 29. Rg3 1-0